00974cam a22002411 450000100100000000500170001000800410002701000130006804000230008108200170010410000370012124500790015826000850023730000270032249000320034949000340038150400710041550500980048665100220058460000420060670000300064883000540067800000578820200929151803.0790111s1966 uy b 000 0 spa  a70225253 aDO-SdBNPcNbUdDLC a989.5bB228e1 aBarbagelata, Lorenzo,d1867-194410aEstudios históricos /cLorenzo Barbagelata, prólogo de Eustaquio Tome. aMontevideo :bMinisterio de Instrucción Pública y Previsión Social,c1966. axxii, 131 p. ;c19 cm.1 aBiblioteca Artigas.vv. 1121 aClásicos uruguayos,vv. 112 aIncluye referencia bibliográficas y nota al pie de las páginas0 aArtigas ante de 1810.--Guayabos.--La preterdida hijuela argentina sobre el Río de la Plata. 4aUruguayxHistoria14aARTIGAS, JOSÉ GERVASIO,d1764-1850.1 aTome, Eustaquio,epról. 0aBiblioteca ArtigaspClásicos uruguayos,vv. 112